Drasat fi al fikar al Islami/ (Record no. 93536)
[ view plain ]
| 000 -LEADER | |
|---|---|
| fixed length control field | 00428nam a22001457a 4500 |
| 005 - DATE AND TIME OF LATEST TRANSACTION | |
| control field | 20170515152933.0 |
| 008 - FIXED-LENGTH DATA ELEMENTS--GENERAL INFORMATION | |
| fixed length control field | 170515b xxu||||| |||| 00| 0 eng d |
| 040 ## - CATALOGING SOURCE | |
| Transcribing agency | PK-LaUMT |
| 082 ## - DEWEY DECIMAL CLASSIFICATION NUMBER | |
| Classification number | ZIAC 297.01 |
| Item number | ABU-D |
| 100 ## - MAIN ENTRY--PERSONAL NAME | |
| Personal name | Abu Yazid Abu Zaid |
| 245 ## - TITLE STATEMENT | |
| Title | Drasat fi al fikar al Islami/ |
| Statement of responsibility, etc | Abu Yazid Abu Zaid |
| 260 ## - PUBLICATION, DISTRIBUTION, ETC. (IMPRINT) | |
| Place of publication, distribution, etc | بیرت: |
| Name of publisher, distributor, etc | دارالتوزیع والنشر الاسلامیۃ، |
| Date of publication, distribution, etc | 1991 |
| 300 ## - PHYSICAL DESCRIPTION | |
| Extent | 162 ص |
| 942 ## - ADDED ENTRY ELEMENTS (KOHA) | |
| Koha item type | Books |
| Withdrawn status | Lost status | Damaged status | Home library | Current library | Date acquired | Full call number | Barcode | Date last seen | Price effective from | Koha item type |
|---|---|---|---|---|---|---|---|---|---|---|
| UMT Main Campus | UMT Main Campus | 2017-05-15 | ZIAC 297.01 ABU-D | 108823 | 2017-05-15 | 2017-05-15 | Books |
